Câu chuyện văn chương phương Đông

Guardat en:
Dades bibliogràfiques
Autor principal: Nhật Chiêu
Format: Llibre
Idioma:Undetermined
Publicat: Hà Nội Giáo Dục 1998
Matèries:
Etiquetes: Afegir etiqueta
Sense etiquetes, Sigues el primer a etiquetar aquest registre!
Thư viện lưu trữ: Trung tâm Học liệu Trường Đại học Cần Thơ
LEADER 00592nam a2200193Ia 4500
001 CTU_29614
008 210402s9999 xx 000 0 und d
020 |b 10.000đ 
082 |a 895 
082 |b Nh123 
100 |a Nhật Chiêu 
245 0 |a Câu chuyện văn chương phương Đông 
245 0 |c Nhật Chiêu 
260 |a Hà Nội 
260 |b Giáo Dục 
260 |c 1998 
650 |a literature - history and criticism,literature, comparative - oriental and western 
904 |i Minh, 990414 
980 |a Trung tâm Học liệu Trường Đại học Cần Thơ